000 00453nam a2200121Ia 4500
008 220620s9999||||xx |||||||||||||| ||und||
245 0 _aPeripheral Neuropathy
_bA New Insight into the Mechanism, Evaluation and Management of a Complex Disorder
546 _aEnglish[eng]
650 _aNeurology & clinical neurophysiology
700 _aSouayah, Nizar
856 _uhttps://mts.intechopen.com/storage/books/3464/authors_book/authors_book.pdf
942 _cEB
999 _c34818
_d34818